| 000 | 00000nam 2200000zi 4500 |
| 001 | 9.875225 |
| 003 | CaOODSP |
| 005 | 20221107164412 |
| 006 | m o d f |
| 007 | cr ||||||||||| |
| 008 | 190620t20192019onco ob f000 0 fre d |
| 020 | |a9780660315102 |
| 040 | |aCaOODSP|bfre|erda|cCaOODSP |
| 043 | |an-cn--- |
| 086 | 1 |aMR4-41/2019F-PDF |
| 110 | 2 |aInstitut de la santé des Autochtones (Canada)|eorganisme de publication. |
| 245 | 10|aPlan stratégique 2019-2024 de l’Institut de la santé des Autochtones. |
| 264 | 1|a[Ottawa] : |bInstituts de recherche en santé du Canada = Canadian Institutes of Health Research, |c[2019] |
| 264 | 4|c©2019 |
| 300 | |a1 ressource en ligne (24 pages) : |bphotographies en couleur |
| 336 | |atexte|btxt|2rdacontent/fre |
| 337 | |ainformatique|bc|2rdamedia/fre |
| 338 | |aressource en ligne|bcr|2rdacarrier/fre |
| 500 | |aPublié aussi en anglais sous le titre : Institute of Indigenous Peoples’ Health strategic plan 2019-2024. |
| 500 | |aÉgalement publié en format HTML. |
| 504 | |aComprend des références bibliographiques (page 22). |
| 610 | 26|aInstitut de la santé des Autochtones (Canada)|xPlanification. |
| 650 | 6|aAutochtones|xSanté et hygiène|xRecherche|zCanada. |
| 650 | 6|aAutochtones|xMédecine|xRecherche|zCanada. |
| 650 | 6|aAutochtones|xSoins médicaux|xRecherche|zCanada. |
| 775 | 08|tInstitute of Indigenous Peoples’ Health strategic plan 2019-2024.|w(CaOODSP)9.875222 |
| 776 | 0#|tPlan stratégique 2019-2024 de l’Institut de la santé des Autochtones.|w(CaOODSP)9.875226 |
| 795 | |tPlan stratégique de l'Institut de la santé des Autochtones des IRSC 2014-2018 |w(CaOODSP)9.800667 |
| 856 | 40|qPDF|s3.75 Mo|uhttps://publications.gc.ca/collections/collection_2020/irsc-cihr/MR4-41-2019-fra.pdf |
| 856 | 4 |qHTML|sS.O.|uhttps://cihr-irsc.gc.ca/f/51559.html |